| 000 | 01096cam2a220026500 4500 | ||
|---|---|---|---|
| 001 | qcf00051684 | ||
| 005 | 20190823084430.0 | ||
| 008 | 790611m19471955be abf 001 0 fre d | ||
| 035 | _a(Sirsi) r54830 | ||
| 035 | _a(QCAT)lss02365586 | ||
| 035 | _a(UPRA)qcf00051684 | ||
| 040 | _dUPRA | ||
| 110 | 2 |
_aInstitut des parcs nationaux du Congo belge. _6A13662.1 |
|
| 245 | 1 | 0 | _aFlore des Spermatophytes du Parc national Albert. |
| 260 |
_aBruxelles, _c1947-1955. |
||
| 500 | _aAt head of title :Institut des Parcs Nationaux du Congo Belge. | ||
| 505 | 0 | _aI -- Gymnospermes et Choripetales -- II -- Sympetales -- III. Monocotylees; par Walter Robyns. | |
| 610 | 0 |
_aParc national des Virunga. _6S9275.1 |
|
| 650 | 0 |
_aBotany -- Belgian -- Zaire. _xBotany -- Belgian -- Zaire. _zBotany -- Belgian -- Zaire. _6S9276.1 |
|
| 700 | 1 |
_aRobyns, Walter, 1901- _dRobyns, Walter, 1901- _6A13663.1 |
|
| 949 |
_aQK416 _vVOL. 1 _wlcc _i-70782 _mMAIN _tBOOK _lON-SHELF |
||
| 949 |
_aQK416 _vVOL. 2 _wlcc _i-70783 _mMAIN _tBOOK _lON-SHELF |
||
| 949 |
_aQK416 _vVOL. 3 _wlcc _i-70784 _mMAIN _tBOOK _lON-SHELF |
||
| 004 | 54830 | ||
| 999 |
_c140242 _d140242 |
||